Dictionary of architectural and building technology / (Record no. 549177)
[ view plain ]
| 000 -LEADER | |
|---|---|
| fixed length control field | 00685fam a2200193 a 4500 |
| 020 ## - INTERNATIONAL STANDARD BOOK NUMBER | |
| International Standard Book Number | 0419222804 (pbk. : alk. paper) |
| 082 00 - DEWEY DECIMAL CLASSIFICATION NUMBER | |
| Classification number | 720/.3 |
| Author Mark | COW |
| -- | N-01, P-103 |
| 100 1# - MAIN ENTRY--PERSONAL NAME | |
| Personal name | Cowan, Henry J. |
| 9 (RLIN) | 33055 |
| 245 10 - TITLE STATEMENT | |
| Title | Dictionary of architectural and building technology / |
| Statement of responsibility, etc. | Henry J. Cowan and Peter R. Smith ; with contributions by José Carlos Damski ... [et al.]. |
| 250 ## - EDITION STATEMENT | |
| Edition statement | 3rd ed. |
| 260 ## - PUBLICATION, DISTRIBUTION, ETC. | |
| Place of publication, distribution, etc. | London ; |
| -- | New York : |
| Name of publisher, distributor, etc. | E & FN Spon, |
| Date of publication, distribution, etc. | 1998. |
| 300 ## - PHYSICAL DESCRIPTION | |
| Extent | xi, 263 p. : |
| Other physical details | ill. ; |
| Dimensions | 24 cm. |
| 526 ## - STUDY PROGRAM INFORMATION NOTE | |
| Program name | 0 |
| Interest level | 0 |
| Reading level | 0 |
| Title point value | 720_300000000000000_COW |
| 650 #0 - SUBJECT ADDED ENTRY--TOPICAL TERM | |
| Topical term or geographic name entry element | Architecture |
| 650 #0 - SUBJECT ADDED ENTRY--TOPICAL TERM | |
| Topical term or geographic name entry element | Building |
| 700 1# - ADDED ENTRY--PERSONAL NAME | |
| Personal name | Damski, José Carlos. |
| 9 (RLIN) | 45712 |
| 700 1# - ADDED ENTRY--PERSONAL NAME | |
| Personal name | Smith, Peter R. |
| 9 (RLIN) | 45713 |
| 942 ## - ADDED ENTRY ELEMENTS (KOHA) | |
| Source of classification or shelving scheme | |
| Koha item type | Book |
| Withdrawn status | Lost status | Source of classification or shelving scheme | Damaged status | Not for loan | Permanent Location | Current Location | Date acquired | Total Checkouts | Full call number | Barcode | Date last seen | Price effective from | Koha item type |
|---|---|---|---|---|---|---|---|---|---|---|---|---|---|
| Military College of Engineering (MCE) | Military College of Engineering (MCE) | 09/18/2014 | 720/.3 COW | MCE-37195 | 09/18/2014 | 09/18/2014 | Book |
